[Event "Budapest Vezerkepzo Autumn IM-B"]
[Site "Budapest"]
[Date "2024.09.24"]
[Round "9"]
[White "Namala, Dhanvi"]
[Black "Chen, Yining"]
[Result "0-1"]
[WhiteElo "1684"]
[BlackElo "2252"]
[PlyCount "76"]
[EventDate "2024.09.18"]
[EventType "tourn"]
[EventRounds "9"]
[EventCountry "HUN"]
[SourceTitle "EXT 2025"]
[Source "ChessBase"]
[SourceDate "2024.10.14"]
[SourceVersion "1"]
[SourceVersionDate "2024.10.14"]
[SourceQuality "1"]

1. e4 c6 2. d4 d5 3. e5 Bf5 4. h4 a6 5. h5 c5 6. dxc5 Nc6 7. Bd3 Qd7 8. Be3 e6 9. Nd2 Bxd3 10. cxd3 Nxe5 11. Ndf3 Ng4 12. Bd4 f6 13. b4 N8h6 14. Ne2 Nf5 15. Bb2 e5 16. Nc3 Rd8 17. Qa4 Qxa4 18. Nxa4 Be7 19. Nh4 Nxh4 20. Rxh4 f5 21. Rh3 Bf6 22. Nb6 Kf7 23. Kf1 f4 24. a4 e4 25. Bxf6 Kxf6 26. b5 Ke5 27. Rc1 axb5 28. axb5 e3 29. fxe3 Nxe3+ 30. Kg1 Kd4 31. c6 bxc6 32. bxc6 Rb8 33. c7 Rxb6 34. c8Q Rxc8 35. Rxc8 Rb1+ 36. Kh2 Nf1+ 37. Kg1 Ng3+ 38. Kf2 Rf1# 0-1

[Event "Budapest Vezerkepzo Autumn IM-B"]
[Site "Budapest"]
[Date "2024.09.23"]
[Round "8"]
[White "Chen, Yining"]
[Black "Pasti, Aron"]
[Result "1/2-1/2"]
[WhiteElo "2252"]
[BlackElo "2349"]
[PlyCount "42"]
[EventDate "2024.09.18"]
[EventType "tourn"]
[EventRounds "9"]
[EventCountry "HUN"]
[SourceTitle "EXT 2025"]
[Source "ChessBase"]
[SourceDate "2024.10.14"]
[SourceVersion "1"]
[SourceVersionDate "2024.10.14"]
[SourceQuality "1"]

1. d4 Nf6 2. c4 e6 3. Nf3 b6 4. a3 Bb7 5. Nc3 d5 6. cxd5 exd5 7. Bg5 Be7 8. e3 h6 9. Bf4 0-0 10. Bd3 Nbd7 11. 0-0 Nh5 12. Be5 Nxe5 13. Nxe5 Nf6 14. b4 c6 15. h3 a5 16. Qb3 b5 17. Rab1 Qd6 18. Rfd1 Nd7 19. Nxd7 Qxd7 20. e4 axb4 21. axb4 dxe4 1/2-1/2

[Event "Budapest Vezerkepzo Autumn IM-B"]
[Site "Budapest"]
[Date "2024.09.22"]
[Round "6"]
[White "Chen, Yining"]
[Black "Djuric, Stefan"]
[Result "1-0"]
[WhiteElo "2252"]
[BlackElo "2208"]
[PlyCount "95"]
[EventDate "2024.09.18"]
[EventType "tourn"]
[EventRounds "9"]
[EventCountry "HUN"]
[SourceTitle "EXT 2025"]
[Source "ChessBase"]
[SourceDate "2024.10.14"]
[SourceVersion "1"]
[SourceVersionDate "2024.10.14"]
[SourceQuality "1"]

1. d4 Nf6 2. c4 g6 3. Nc3 Bg7 4. e4 0-0 5. Nf3 d6 6. Be2 Bg4 7. Ng1 Bc8 8. Be3 e5 9. Nf3 Nc6 10. d5 Ne7 11. Nd2 c5 12. g4 Kh8 13. h4 Qd7 14. Rg1 Nfg8 15. g5 f5 16. gxf6 Nxf6 17. Qc2 a6 18. a4 Rb8 19. 0-0-0 Nh5 20. Bxh5 gxh5 21. Ne2 Qe8 22. Ng3 Bd7 23. b3 b5 24. axb5 axb5 25. Rdf1 Ra8 26. Kb2 Rb8 27. Kc1 Rb7 28. f3 Ra7 29. Kb2 Ng8 30. Ra1 Rb7 31. Kc3 Nf6 32. Kd3 Qf7 33. Ke2 Ng8 34. Ra6 bxc4 35. bxc4 Rfb8 36. Rxd6 Rb2 37. Qc3 R2b3 38. Qxb3 Rxb3 39. Nxb3 Bf8 40. Rb6 Be8 41. Ra1 Qc7 42. Raa6 Qc8 43. Nf5 Bd7 44. Nd6 Bxd6 45. Rxd6 Be8 46. Nxc5 Ne7 47. Kd3 Qh3 48. Rd8 1-0

[Event "Budapest Vezerkepzo Autumn IM-B"]
[Site "Budapest"]
[Date "2024.09.22"]
[Round "7"]
[White "Ribeiro, Gustavo"]
[Black "Chen, Yining"]
[Result "1/2-1/2"]
[WhiteElo "2219"]
[BlackElo "2252"]
[PlyCount "118"]
[EventDate "2024.09.18"]
[EventType "tourn"]
[EventRounds "9"]
[EventCountry "HUN"]
[SourceTitle "EXT 2025"]
[Source "ChessBase"]
[SourceDate "2024.10.14"]
[SourceVersion "1"]
[SourceVersionDate "2024.10.14"]
[SourceQuality "1"]

1. e4 c6 2. d4 d5 3. Nc3 dxe4 4. Nxe4 Bf5 5. Ng3 Bg6 6. h4 h6 7. Nh3 e6 8. Nf4 Bh7 9. c3 Nf6 10. Nfh5 Nxh5 11. Nxh5 Nd7 12. Bd3 Bxd3 13. Qxd3 Nf6 14. Nxf6+ Qxf6 15. Be3 Qd8 16. 0-0-0 Be7 17. h5 Qa5 18. Kb1 0-0-0 19. g4 Rd7 20. f4 Rhd8 21. Qh7 Qd5 22. Bc1 Bf8 23. g5 Re8 24. Qc2 Qf5 25. Qxf5 exf5 26. gxh6 gxh6 27. Kc2 Bg7 28. Rde1 Rde7 29. Rxe7 Rxe7 30. Rg1 Bf6 31. Kd3 Re8 32. Be3 Kd7 33. a4 a6 34. Ke2 Kd6 35. Kf3 Ra8 36. b3 b5 37. Ra1 a5 38. axb5 cxb5 39. c4 a4 40. cxb5 axb3 41. Rb1 Kd5 42. Rxb3 Kc4 43. Rb1 Ra3 44. Ke2 Bxd4 45. Bxd4 Kxd4 46. b6 Ra8 47. b7 Rb8 48. Kf3 Kd3 49. Rb5 Kc4 50. Rxf5 Rxb7 51. Rf6 Kd5 52. Kg4 Ke4 53. Rxh6 Rb1 54. Rf6 Rg1+ 55. Kh4 Kf3 56. Rxf7 Rg4+ 57. Kh3 Rg3+ 58. Kh2 Rg2+ 59. Kh1 Rg4 1/2-1/2

[Event "Budapest Vezerkepzo Autumn IM-B"]
[Site "Budapest"]
[Date "2024.09.21"]
[Round "5"]
[White "Matyassy, Lazar"]
[Black "Chen, Yining"]
[Result "1/2-1/2"]
[WhiteElo "2225"]
[BlackElo "2252"]
[PlyCount "59"]
[EventDate "2024.09.18"]
[EventType "tourn"]
[EventRounds "9"]
[EventCountry "HUN"]
[SourceTitle "EXT 2025"]
[Source "ChessBase"]
[SourceDate "2024.10.14"]
[SourceVersion "1"]
[SourceVersionDate "2024.10.14"]
[SourceQuality "1"]

1. e4 c6 2. d4 d5 3. Nc3 dxe4 4. Nxe4 Bf5 5. Ng3 Bg6 6. Nh3 Nf6 7. Nf4 e5 8. dxe5 Qa5+ 9. c3 Qxe5+ 10. Be2 Qc7 11. h4 Bd6 12. h5 Bxf4 13. Bxf4 Qxf4 14. hxg6 0-0 15. Nh5 Nxh5 16. gxh7+ Kh8 17. Rxh5 Na6 18. Qd4 Qxd4 19. cxd4 Nb4 20. Kf1 Rad8 21. Rd1 g6 22. Ra5 a6 23. Bf3 Kxh7 24. a3 Nd5 25. Bxd5 cxd5 26. Rc1 Rd7 27. Rac5 Kg7 28. b4 Re8 29. Rc7 Red8 30. Rxd7 1/2-1/2

[Event "Budapest Vezerkepzo Autumn IM-B"]
[Site "Budapest"]
[Date "2024.09.20"]
[Round "3"]
[White "Barbaras, Mathieu"]
[Black "Chen, Yining"]
[Result "1-0"]
[WhiteElo "2248"]
[BlackElo "2252"]
[PlyCount "91"]
[EventDate "2024.09.18"]
[EventType "tourn"]
[EventRounds "9"]
[EventCountry "HUN"]
[SourceTitle "EXT 2025"]
[Source "ChessBase"]
[SourceDate "2024.10.14"]
[SourceVersion "1"]
[SourceVersionDate "2024.10.14"]
[SourceQuality "1"]

1. d4 Nf6 2. Nf3 d5 3. c4 e6 4. g3 dxc4 5. Bg2 a6 6. 0-0 Nc6 7. Be3 Nd5 8. Qc1 Nxe3 9. Qxe3 Nb4 10. Qc1 Be7 11. a3 Nd5 12. Qxc4 b5 13. Qc2 Bb7 14. Nbd2 Nb6 15. Rac1 Rc8 16. b4 f5 17. e3 0-0 18. Ne5 Bxg2 19. Kxg2 Bf6 20. Qc6 Qd5+ 21. Qxd5 exd5 22. Rc6 Rfd8 23. Rfc1 Bxe5 24. dxe5 Nc4 25. Nxc4 dxc4 26. a4 Rd5 27. Rxa6 c5 28. bxc5 Rdxc5 29. f4 b4 30. Rb6 b3 31. Kf3 R8c6 32. Rb4 Kf7 33. e4 g6 34. Ke3 Ke6 35. Kd4 Rc8 36. Rb6+ Ke7 37. exf5 gxf5 38. Rb7+ Ke6 39. Rb6+ Ke7 40. Rd1 Ra5 41. Rb7+ Kf8 42. Kc3 Ra6 43. Rxh7 Kg8 44. Rdd7 Rxa4 45. Rdg7+ Kf8 46. Rb7 1-0

[Event "Budapest Vezerkepzo Autumn IM-B"]
[Site "Budapest"]
[Date "2024.09.20"]
[Round "4"]
[White "Chen, Yining"]
[Black "Nemeth, Zalan"]
[Result "1-0"]
[WhiteElo "2252"]
[BlackElo "2211"]
[PlyCount "89"]
[EventDate "2024.09.18"]
[EventType "tourn"]
[EventRounds "9"]
[EventCountry "HUN"]
[SourceTitle "EXT 2025"]
[Source "ChessBase"]
[SourceDate "2024.10.14"]
[SourceVersion "1"]
[SourceVersionDate "2024.10.14"]
[SourceQuality "1"]

1. d4 Nf6 2. c4 c5 3. d5 b5 4. cxb5 a6 5. bxa6 g6 6. Nc3 Bg7 7. e4 0-0 8. Bc4 d6 9. Nf3 Bxa6 10. Bxa6 Nxa6 11. 0-0 Qb6 12. Rb1 Nd7 13. Bd2 Rfb8 14. a4 c4 15. Be3 Qb3 16. Bd4 Qxd1 17. Rfxd1 Nac5 18. Bxg7 Kxg7 19. Rd4 Nxa4 20. Nxa4 Rxa4 21. Nd2 Rbb4 22. Kf1 Nc5 23. Ke2 Kf8 24. f3 Ke8 25. Kd1 Kd7 26. Kc2 e5 27. dxe6+ Nxe6 28. Rd5 Nf4 29. Rd4 Nxg2 30. Kc3 Nh4 31. b3 Nxf3 32. bxa4 Rxb1 33. Nxb1 Nxd4 34. Kxd4 g5 35. Nd2 g4 36. Nxc4 h5 37. Ne3 Kc6 38. Kc4 Kb6 39. Kd5 Ka5 40. Kxd6 Kxa4 41. Ke7 Kb4 42. Kxf7 Kc5 43. e5 Kd4 44. Nxg4 hxg4 45. e6 1-0

[Event "Budapest Vezerkepzo Autumn IM-B"]
[Site "Budapest"]
[Date "2024.09.19"]
[Round "2"]
[White "Chen, Yining"]
[Black "Vincenti, Leonardo"]
[Result "1/2-1/2"]
[WhiteElo "2252"]
[BlackElo "2152"]
[PlyCount "79"]
[EventDate "2024.09.18"]
[EventType "tourn"]
[EventRounds "9"]
[EventCountry "HUN"]
[SourceTitle "EXT 2025"]
[Source "ChessBase"]
[SourceDate "2024.10.14"]
[SourceVersion "1"]
[SourceVersionDate "2024.10.14"]
[SourceQuality "1"]

1. d4 d5 2. c4 e6 3. Nc3 Nf6 4. cxd5 exd5 5. Bf4 Bd6 6. Bxd6 Qxd6 7. e3 Bf5 8. Qf3 Bg4 9. Qg3 Qxg3 10. hxg3 Bf5 11. f3 h6 12. g4 Bh7 13. Nge2 Nc6 14. Nf4 0-0-0 15. Kd2 a6 16. Rc1 Ne7 17. Na4 Kb8 18. Nc5 Nd7 19. b4 Nxc5 20. bxc5 c6 21. Bd3 Bxd3 22. Nxd3 Ng6 23. Rb1 Kc7 24. Nc1 Rhe8 25. Nb3 Rd7 26. Na5 Kc8 27. Rb3 Rc7 28. Ke2 Nf4+ 29. Kf2 Ne6 30. Rd3 Ng5 31. Rb1 f6 32. Kg3 Ree7 33. Nb3 Re8 34. Nc1 Rce7 35. Kf2 Rd7 36. Ne2 Nf7 37. Ng3 Nd8 38. Nf5 Rg8 39. Re1 g6 40. Ng3 1/2-1/2

[Event "Budapest Vezerkepzo Autumn IM-B"]
[Site "Budapest"]
[Date "2024.09.18"]
[Round "1"]
[White "Chen, Yining"]
[Black "Neverov, Valeriy"]
[Result "0-1"]
[WhiteElo "2252"]
[BlackElo "2412"]
[PlyCount "56"]
[EventDate "2024.09.18"]
[EventType "tourn"]
[EventRounds "9"]
[EventCountry "HUN"]
[SourceTitle "EXT 2025"]
[Source "ChessBase"]
[SourceDate "2024.10.14"]
[SourceVersion "1"]
[SourceVersionDate "2024.10.14"]
[SourceQuality "1"]

1. d4 Nf6 2. c4 g6 3. Nc3 d5 4. Nf3 Bg7 5. Qb3 dxc4 6. Qxc4 0-0 7. e4 Bg4 8. Be3 Nfd7 9. Rd1 Nb6 10. Qb3 e6 11. Be2 Nc6 12. d5 exd5 13. Nxd5 Nxd5 14. exd5 Ne5 15. Nxe5 Bxe2 16. Kxe2 Bxe5 17. Rd2 Qh4 18. h3 Qh5+ 19. g4 Qh4 20. Qc4 Rfe8 21. b3 Bd6 22. Qd4 Re5 23. Kf3 Rae8 24. Kg2 Rxe3 25. fxe3 Qg3+ 26. Kf1 Qf3+ 27. Kg1 Rxe3 28. Qa1 Qg3+ 0-1

[Event "Abu Dhabi op-A 30th"]
[Site "Abu Dhabi"]
[Date "2024.08.24"]
[Round "9"]
[White "Ahmad, Al Romaithi"]
[Black "Chen, Yining"]
[Result "0-1"]
[WhiteElo "1946"]
[BlackElo "2266"]
[PlyCount "80"]
[EventDate "2024.08.15"]
[EventType "swiss"]
[EventRounds "9"]
[EventCountry "UAE"]
[SourceTitle "EXT 2025"]
[Source "ChessBase"]
[SourceDate "2024.10.14"]
[SourceVersion "1"]
[SourceVersionDate "2024.10.14"]
[SourceQuality "1"]

1. e4 c6 2. d4 d5 3. Nc3 dxe4 4. Nxe4 Bf5 5. Ng3 Bg6 6. h4 h6 7. Nf3 Nd7 8. h5 Bh7 9. Bd3 Bxd3 10. Qxd3 e6 11. 0-0 Ngf6 12. Re1 Be7 13. c4 0-0 14. Bf4 Qa5 15. Ne5 Nxe5 16. Rxe5 Qd8 17. Re2 Qd7 18. Rd1 Rfd8 19. Qf3 a5 20. a3 b5 21. d5 cxd5 22. cxd5 Nxd5 23. Ne4 Qe8 24. Be5 f5 25. Ng3 Nc3 26. Rde1 Nxe2+ 27. Nxe2 Bd6 28. Bxd6 Rxd6 29. Nf4 Rad8 30. Qb3 a4 31. Qf3 Qc6 32. Qe2 Qe4 33. Qxe4 fxe4 34. Rxe4 Rd4 35. f3 Rxe4 36. fxe4 Rd2 37. Nxe6 Rxb2 38. Nc5 b4 39. Nxa4 bxa3 40. Nc3 Rc2 0-1

[Event "Abu Dhabi op-A 30th"]
[Site "Abu Dhabi"]
[Date "2024.08.23"]
[Round "8"]
[White "Aakash Sharadchandra, Dalvi"]
[Black "Chen, Yining"]
[Result "1-0"]
[WhiteElo "2332"]
[BlackElo "2266"]
[PlyCount "91"]
[EventDate "2024.08.15"]
[EventType "swiss"]
[EventRounds "9"]
[EventCountry "UAE"]
[SourceTitle "EXT 2025"]
[Source "ChessBase"]
[SourceDate "2024.10.14"]
[SourceVersion "1"]
[SourceVersionDate "2024.10.14"]
[SourceQuality "1"]

1. d4 d5 2. c4 c6 3. Nf3 Nf6 4. Nc3 e6 5. Bg5 Nbd7 6. e3 Qa5 7. Nd2 Bb4 8. Rc1 Ne4 9. Ncxe4 dxe4 10. Bh4 e5 11. Be2 b6 12. a3 Bxd2+ 13. Qxd2 Qxd2+ 14. Kxd2 c5 15. d5 f5 16. f3 exf3 17. gxf3 Bb7 18. Rhg1 Kf7 19. e4 f4 20. Bf2 a5 21. b3 Rhg8 22. Kc3 g5 23. Ra1 h5 24. b4 g4 25. bxc5 bxc5 26. Rab1 Ba6 27. Bh4 Rab8 28. Rxb8 Rxb8 29. fxg4 Rg8 30. h3 Nb6 31. Rb1 Nd7 32. g5 Kg6 33. Bf2 Rf8 34. h4 f3 35. Bd1 Kf7 36. Kd3 Ke7 37. Ke3 Bxc4 38. Bxf3 Bd3 39. Rb7 Kd6 40. Bg3 c4 41. Bxh5 Nc5 42. Rb6+ Kd7 43. Bg4+ Ke7 44. Bxe5 Nxe4 45. Rb7+ Ke8 46. Rb8+ 1-0

[Event "Abu Dhabi op-A 30th"]
[Site "Abu Dhabi"]
[Date "2024.08.22"]
[Round "7"]
[White "Chen, Yining"]
[Black "Concio, Michael Jr"]
[Result "0-1"]
[WhiteElo "2266"]
[BlackElo "2373"]
[PlyCount "66"]
[EventDate "2024.08.15"]
[EventType "swiss"]
[EventRounds "9"]
[EventCountry "UAE"]
[SourceTitle "EXT 2025"]
[Source "ChessBase"]
[SourceDate "2024.10.14"]
[SourceVersion "1"]
[SourceVersionDate "2024.10.14"]
[SourceQuality "1"]

1. d4 Nf6 2. c4 g6 3. Nc3 Bg7 4. e4 d6 5. Nf3 0-0 6. Be2 e5 7. Be3 Nc6 8. d5 Ne7 9. Nd2 c5 10. g4 Ne8 11. f3 Rb8 12. h4 a6 13. a4 Bd7 14. h5 Nc7 15. Nb3 b5 16. Qd2 bxc4 17. Na5 Ncxd5 18. Nxd5 Nxd5 19. exd5 c3 20. bxc3 Qxa5 21. Rc1 Rfe8 22. Bh6 Bh8 23. hxg6 fxg6 24. Bd3 e4 25. Bxe4 Rb3 26. 0-0 Bxc3 27. Qc2 Bd4+ 28. Kh1 Rb2 29. Qd3 Qd8 30. g5 Bh3 31. Rg1 Qd7 32. Rc2 Rxc2 33. Qxc2 Bxg1 0-1

[Event "Abu Dhabi op-A 30th"]
[Site "Abu Dhabi"]
[Date "2024.08.21"]
[Round "6"]
[White "Bukreev, Stanislav"]
[Black "Chen, Yining"]
[Result "1-0"]
[WhiteElo "2390"]
[BlackElo "2266"]
[PlyCount "131"]
[EventDate "2024.08.15"]
[EventType "swiss"]
[EventRounds "9"]
[EventCountry "UAE"]
[SourceTitle "EXT 2025"]
[Source "ChessBase"]
[SourceDate "2024.10.14"]
[SourceVersion "1"]
[SourceVersionDate "2024.10.14"]
[SourceQuality "1"]

1. d4 d5 2. c4 c6 3. Nf3 Nf6 4. Nc3 e6 5. Bg5 Nbd7 6. e3 Qa5 7. Nd2 Bb4 8. Rc1 Ne4 9. Ndxe4 dxe4 10. h4 Qxa2 11. Qd2 Qa5 12. Be2 f5 13. 0-0 0-0 14. Ra1 Bxc3 15. Qxc3 Qxc3 16. bxc3 Re8 17. Bf4 e5 18. Bh2 c5 19. Ra2 b6 20. Bd1 exd4 21. cxd4 Nf6 22. Be2 Be6 23. d5 Bf7 24. Rb1 Red8 25. Bc7 Rdc8 26. Be5 Re8 27. Bf4 Red8 28. Ra6 h6 29. Be5 Nd7 30. Bc7 Rdc8 31. Bg3 Nb8 32. Ra3 Nd7 33. Ra6 Nb8 34. Ra3 Nd7 35. Bd1 Be8 36. f3 Nf6 37. Be5 Kf7 38. Ra6 Nd7 39. Bf4 Kf6 40. fxe4 g5 41. hxg5+ hxg5 42. Bg3 Ne5 43. Be2 Bd7 44. Rf1 Re8 45. exf5 Nf7 46. Ra3 Re4 47. Be1 Ne5 48. Rc3 a5 49. Bg3 a4 50. Bf3 Nxf3+ 51. gxf3 Re7 52. e4 Rh7 53. Kg2 Be8 54. Ra1 Rb7 55. Bd6 Rd7 56. Bg3 Rb7 57. Rc2 a3 58. Be1 Ra4 59. Bc3+ Ke7 60. f6+ Kd8 61. e5 Bg6 62. Rcc1 b5 63. cxb5 Rxb5 64. e6 g4 65. Rh1 gxf3+ 66. Kg3 1-0

[Event "Abu Dhabi op-A 30th"]
[Site "Abu Dhabi"]
[Date "2024.08.20"]
[Round "5"]
[White "Chen, Yining"]
[Black "Vaz, Ethan"]
[Result "1/2-1/2"]
[WhiteElo "2266"]
[BlackElo "2392"]
[PlyCount "88"]
[EventDate "2024.08.15"]
[EventType "swiss"]
[EventRounds "9"]
[EventCountry "UAE"]
[SourceTitle "EXT 2025"]
[Source "ChessBase"]
[SourceDate "2024.10.14"]
[SourceVersion "1"]
[SourceVersionDate "2024.10.14"]
[SourceQuality "1"]

1. d4 Nf6 2. c4 g6 3. Nc3 Bg7 4. e4 d6 5. Nf3 0-0 6. Be2 e5 7. Be3 Ng4 8. Bg5 f6 9. Bc1 Nc6 10. 0-0 f5 11. dxe5 Ngxe5 12. exf5 Bxf5 13. Qd5+ Kh8 14. Be3 Nb4 15. Qd2 Nc2 16. Rad1 Nxe3 17. Qxe3 Re8 18. Qd2 Nc6 19. Rfe1 Qd7 20. h3 Rad8 21. Nb5 a6 22. Nbd4 Be4 23. Nxc6 Bxc6 24. Nd4 Bxd4 25. Qxd4+ Qg7 26. Qxg7+ Kxg7 27. Bd3 Kf6 28. f4 a5 29. Kf2 b6 30. g4 Rxe1 31. Rxe1 d5 32. g5+ Kf7 33. Rc1 dxc4 34. Bxc4+ Ke7 35. Be2 Kd6 36. Bf3 Bxf3 37. Kxf3 Rh8 38. Rd1+ Ke6 39. Re1+ Kf7 40. Rc1 c5 41. Rd1 Ke6 42. Kg4 a4 43. Kf3 b5 44. Re1+ Kf7 1/2-1/2

[Event "Abu Dhabi op-A 30th"]
[Site "Abu Dhabi"]
[Date "2024.08.19"]
[Round "4"]
[White "Senthil, Maran K"]
[Black "Chen, Yining"]
[Result "1/2-1/2"]
[WhiteElo "2411"]
[BlackElo "2266"]
[PlyCount "128"]
[EventDate "2024.08.15"]
[EventType "swiss"]
[EventRounds "9"]
[EventCountry "UAE"]
[SourceTitle "EXT 2025"]
[Source "ChessBase"]
[SourceDate "2024.10.14"]
[SourceVersion "1"]
[SourceVersionDate "2024.10.14"]
[SourceQuality "1"]

1. d4 d5 2. c4 c6 3. Nf3 Nf6 4. Qb3 dxc4 5. Qxc4 Bf5 6. g3 e6 7. Bg2 Be7 8. Nbd2 0-0 9. Nh4 Nbd7 10. Nxf5 exf5 11. Qc2 g6 12. 0-0 Nb6 13. Nb3 Nbd5 14. Bd2 Re8 15. Rfd1 Bf8 16. Bg5 h6 17. Bxf6 Nxf6 18. e3 Bd6 19. Rac1 Qe7 20. Nc5 Ne4 21. b4 Rac8 22. Rb1 h5 23. Qb3 h4 24. Nxe4 fxe4 25. d5 hxg3 26. hxg3 Qf6 27. Rd4 c5 28. bxc5 Rxc5 29. Rxe4 Rec8 30. Rf1 Rc1 31. Re8+ Kg7 32. Rxc8 Rxc8 33. Qxb7 Rc2 34. Qxa7 Qb2 35. Be4 Rd2 36. Qd7 Qe5 37. Bf3 Rxa2 38. Qg4 Rd2 39. Rb1 Qc3 40. Be4 Qf6 41. Qf3 Qxf3 42. Bxf3 Kf6 43. Rb7 Rc2 44. Rd7 Bb4 45. Kf1 Rc1+ 46. Kg2 Rc2 47. Bd1 Rd2 48. Bg4 Rc2 49. Bd1 Rd2 50. Ba4 Ra2 51. Bb3 Rb2 52. Bc4 Be1 53. Kf1 Bxf2 54. d6 Bxe3 55. Rxf7+ Kg5 56. Re7 Bb6 57. Rb7 Kf6 58. Rf7+ Kg5 59. d7 Rd2 60. Be6 Rd6 61. Bh3 Rf6+ 62. Rxf6 Kxf6 63. Ke2 Ke7 64. Kf3 g5 1/2-1/2

[Event "Abu Dhabi op-A 30th"]
[Site "Abu Dhabi"]
[Date "2024.08.16"]
[Round "2"]
[White "Begmuratov, Khumoyun"]
[Black "Chen, Yining"]
[Result "1-0"]
[WhiteElo "2416"]
[BlackElo "2266"]
[PlyCount "101"]
[EventDate "2024.08.15"]
[EventType "swiss"]
[EventRounds "9"]
[EventCountry "UAE"]
[SourceTitle "EXT 2025"]
[Source "ChessBase"]
[SourceDate "2024.10.14"]
[SourceVersion "1"]
[SourceVersionDate "2024.10.14"]
[SourceQuality "1"]

1. e4 c6 2. d4 d5 3. exd5 cxd5 4. Bd3 Nf6 5. Nf3 Bg4 6. c3 Nc6 7. h3 Bh5 8. 0-0 e6 9. Bf4 Bd6 10. Bxd6 Qxd6 11. Nbd2 0-0 12. Re1 Rfe8 13. Qb1 Bxf3 14. Nxf3 e5 15. dxe5 Nxe5 16. Nd4 Nxd3 17. Qxd3 g6 18. a4 a6 19. a5 Ne4 20. Qe3 Nf6 21. Qd3 Ne4 22. Re3 Nf6 23. Nc2 Qc5 24. Ra4 Re4 25. Rexe4 dxe4 26. Qd4 Qxd4 27. Rxd4 Rc8 28. c4 Rc7 29. Kf1 Rd7 30. Ke2 Rxd4 31. Nxd4 Nd7 32. g4 Kg7 33. Ke3 Nc5 34. b4 Nd3 35. b5 Nc5 36. h4 Kf6 37. Kf4 h6 38. g5+ hxg5+ 39. hxg5+ Ke7 40. Ke5 Nd3+ 41. Kxe4 Nxf2+ 42. Kd5 Kd7 43. Nf3 Nh3 44. Ke5 Ke7 45. Kd5 Kd7 46. Ne5+ Ke7 47. Kc5 Nxg5 48. Kb6 Ne4 49. Kxb7 Nd6+ 50. Kb8 axb5 51. a6 1-0

[Event "Belt and Road Shaoxing 6th"]
[Site "Shaoxing"]
[Date "2024.08.02"]
[Round "9"]
[White "Beydullayeva, Govhar"]
[Black "Chen, Yining"]
[Result "1/2-1/2"]
[WhiteElo "2412"]
[BlackElo "2300"]
[PlyCount "148"]
[EventDate "2024.07.24"]
[EventType "swiss"]
[EventRounds "9"]
[EventCountry "CHN"]
[SourceTitle "EXT 2025"]
[Source "ChessBase"]
[SourceDate "2024.10.14"]
[SourceVersion "1"]
[SourceVersionDate "2024.10.14"]
[SourceQuality "1"]

1. d4 d5 2. c4 c6 3. Nf3 Nf6 4. Nc3 e6 5. Bg5 Nbd7 6. e3 Qa5 7. cxd5 Nxd5 8. Qd2 Bb4 9. Rc1 Nxc3 10. bxc3 Ba3 11. Rb1 b6 12. Qd3 h6 13. Bh4 0-0 14. Be2 Re8 15. 0-0 Bf8 16. e4 Bb7 17. e5 Rac8 18. Rfd1 Rc7 19. c4 c5 20. d5 exd5 21. cxd5 Nxe5 22. Nxe5 Rxe5 23. Qg3 Rxe2 24. Qxc7 Bxd5 25. Bg3 c4 26. Qd8 c3 27. Rxd5 c2 28. Rf1 c1Q 29. Rxa5 Re1 30. Qd3 bxa5 31. a4 Rxf1+ 32. Qxf1 Qc2 33. Qa1 Be7 34. h3 Bf6 35. Qa3 h5 36. h4 Qb1+ 37. Kh2 Qb4 38. Qc1 g6 39. Qc6 Kg7 40. Kg1 Qb6 41. Qc4 Qd4 42. Qb5 Qb4 43. Qc6 Qe7 44. Qc4 Qe6 45. Qb5 Qf5 46. Qc6 g5 47. hxg5 Bxg5 48. Bd6 Bf6 49. Qe8 Qe6 50. Qxe6 fxe6 51. Bc7 Bc3 52. Kf1 Kf6 53. Ke2 Kf5 54. Kd3 Bb4 55. Bd8 Ke5 56. f3 Kf5 57. Ke3 Bc5+ 58. Kd3 Bb6 59. Bh4 Kf4 60. Be1 Bd8 61. Ke2 h4 62. Bf2 a6 63. Be1 e5 64. Bc3 e4 65. fxe4 Kxe4 66. Bb2 Kf4 67. Bc3 Bc7 68. Be1 Kg4 69. Bc3 Bb6 70. Bd2 Bd8 71. Be1 Kf4 72. Bd2+ Ke4 73. Bc3 Kf4 74. Bd2+ Ke4 1/2-1/2

[Event "Belt and Road Shaoxing 6th"]
[Site "Shaoxing"]
[Date "2024.08.01"]
[Round "8"]
[White "Chen, Yining"]
[Black "Pham, Le Thao Nguyen"]
[Result "0-1"]
[WhiteElo "2300"]
[BlackElo "2395"]
[PlyCount "146"]
[EventDate "2024.07.24"]
[EventType "swiss"]
[EventRounds "9"]
[EventCountry "CHN"]
[SourceTitle "EXT 2025"]
[Source "ChessBase"]
[SourceDate "2024.10.14"]
[SourceVersion "1"]
[SourceVersionDate "2024.10.14"]
[SourceQuality "1"]

1. d4 Nf6 2. c4 e6 3. Nf3 Bb4+ 4. Bd2 Qe7 5. e3 b6 6. Bd3 Bb7 7. a3 Bxd2+ 8. Nbxd2 d6 9. Qc2 Nbd7 10. 0-0 0-0 11. Ng5 h6 12. Nh7 Rfe8 13. Nxf6+ Nxf6 14. f3 c5 15. Rfe1 Rac8 16. b4 Rc7 17. Rac1 e5 18. bxc5 bxc5 19. d5 g6 20. Rb1 h5 21. Rb3 h4 22. Reb1 Kg7 23. Qb2 Bc8 24. Bf1 Nh5 25. Kf2 g5 26. Rb8 Rh8 27. Bd3 Rh6 28. Qc2 g4 29. Bf5 g3+ 30. hxg3 Bxf5 31. Qxf5 Nxg3 32. Qh3 Rg6 33. Nf1 Qg5 34. Nxg3 hxg3+ 35. Ke2 Rh6 36. Qg4 Qxg4 37. fxg4 e4 38. Re8 Rf6 39. Rxe4 Rf2+ 40. Kd3 Rxg2 41. Rf4 Ra2 42. Rg1 g2 43. Rf3 Rb7 44. Rg3 Rbb2 45. Ke4 a5 46. Kf4 Rf2+ 47. Rf3 Rfc2 48. Kg3 Rxc4 49. g5 Rcc2 50. Rf6 Rxa3 51. Rxd6 Rxe3+ 52. Kh2 Ree2 53. Ra6 Re5 54. d6 Rxg5 55. Rxa5 Rd2 56. Ra6 f6 57. Ra7+ Kg6 58. d7 f5 59. Ra6+ Kh5 60. Ra7 f4 61. Ra8 Rxd7 62. Rf8 Rd4 63. Rxg2 Rxg2+ 64. Kxg2 Kg4 65. Rg8+ Kf5 66. Kf3 Rd3+ 67. Ke2 Re3+ 68. Kf2 Rc3 69. Rf8+ Ke4 70. Re8+ Kd4 71. Rf8 f3 72. Rf4+ Kd5 73. Rh4 Rd3 0-1

[Event "Belt and Road Shaoxing 6th"]
[Site "Shaoxing"]
[Date "2024.07.30"]
[Round "7"]
[White "Chen, Yining"]
[Black "Bai, Xue"]
[Result "1-0"]
[WhiteElo "2300"]
[BlackElo "2114"]
[PlyCount "61"]
[EventDate "2024.07.24"]
[EventType "swiss"]
[EventRounds "9"]
[EventCountry "CHN"]
[SourceTitle "EXT 2025"]
[Source "ChessBase"]
[SourceDate "2024.10.14"]
[SourceVersion "1"]
[SourceVersionDate "2024.10.14"]
[SourceQuality "1"]

1. d4 Nf6 2. c4 e6 3. Nf3 d5 4. Nc3 Be7 5. Qc2 0-0 6. Bg5 h6 7. Bxf6 Bxf6 8. 0-0-0 b6 9. e4 dxc4 10. Bxc4 Ba6 11. Bxa6 Nxa6 12. h4 Be7 13. g4 c5 14. Qa4 Qc8 15. d5 exd5 16. Nxd5 Re8 17. g5 h5 18. g6 fxg6 19. Qc4 Kh8 20. Ne5 Kh7 21. Rhg1 b5 22. Qe2 Bd6 23. Nxg6 Qe6 24. Qxh5+ Kg8 25. Nge7+ Rxe7 26. Nxe7+ Bxe7 27. Rxg7+ Kxg7 28. Rg1+ Kf8 29. Qh8+ Kf7 30. Rg7+ Kf6 31. Rg8+ 1-0

[Event "Belt and Road Shaoxing 6th"]
[Site "Shaoxing"]
[Date "2024.07.29"]
[Round "6"]
[White "Wang, Yu A"]
[Black "Chen, Yining"]
[Result "1/2-1/2"]
[WhiteElo "2234"]
[BlackElo "2300"]
[PlyCount "61"]
[EventDate "2024.07.24"]
[EventType "swiss"]
[EventRounds "9"]
[EventCountry "CHN"]
[SourceTitle "CBM 221 Extra"]
[Source "ChessBase"]
[SourceDate "2024.09.30"]
[SourceVersion "1"]
[SourceVersionDate "2024.09.30"]
[SourceQuality "1"]

1. e4 c6 2. d4 d5 3. exd5 cxd5 4. Bd3 Nf6 5. Nf3 Nc6 6. c3 Bg4 7. h3 Bh5 8. Bf4 e6 9. Nbd2 Bd6 10. Bxd6 Qxd6 11. 0-0 0-0 12. Re1 Rfe8 13. Qb3 Rab8 14. Ne5 Nd7 15. Nxd7 Qxd7 16. Qc2 Bg6 17. Bxg6 hxg6 18. Nf3 b5 19. a3 a5 20. Ne5 Nxe5 21. Rxe5 b4 22. axb4 axb4 23. c4 dxc4 24. Qxc4 Red8 25. Rd1 Qb7 26. Rc5 Rd6 27. Rc7 Qb6 28. Qc5 Qxc5 29. Rxc5 Kf8 30. Rc7 Ke8 31. Kf1 1/2-1/2